[Event "Pescia op-A 4th"]
[Site "Pescia"]
[Date "2011.09.18"]
[Round "5"]
[White "Panattoni, Angelo"]
[Black "Vocaturo, Riccardo"]
[Result "1/2-1/2"]
[WhiteElo "1990"]
[BlackElo "1800"]
[PlyCount "73"]
[EventDate "2011.09.16"]
[EventType "swiss"]
[EventRounds "5"]
[EventCountry "ITA"]
[SourceTitle "EXT 2015"]
[Source "ChessBase"]
[SourceDate "2014.11.20"]
[SourceVersion "1"]
[SourceVersionDate "2014.11.20"]
[SourceQuality "1"]

1. e4 e6 2. d4 d5 3. e5 c5 4. c3 Qb6 5. Nf3 Nc6 6. Bd3 cxd4 7. cxd4 Bd7 8. 0-0 Nxd4 9. Nxd4 Qxd4 10. Nc3 a6 11. Qe2 Bc5 12. a3 Qh4 13. Kh1 Nh6 14. Bxh6 Qxh6 15. f4 0-0 16. Rf3 f5 17. exf6 Qxf6 18. Raf1 Qd4 19. Qc2 h6 20. Ne2 Qf6 21. Qxc5 Qxb2 22. Qd4 Qxd4 23. Nxd4 Rac8 24. Re1 Rfe8 25. h3 Kf8 26. Rfe3 Kf7 27. Nf3 Ke7 28. f5 Kd6 29. fxe6 Rxe6 30. Rxe6+ Bxe6 31. Rb1 Rc3 32. Bg6 b5 33. a4 Bd7 34. axb5 axb5 35. Nd4 Kc5 36. Nb3+ Kc4 37. Nd2+ 1/2-1/2

[Event "Pescia op-A 4th"]
[Site "Pescia"]
[Date "2011.09.17"]
[Round "2"]
[White "Vocaturo, Riccardo"]
[Black "Tucci, Flavio"]
[Result "1-0"]
[WhiteElo "1800"]
[BlackElo "1871"]
[PlyCount "87"]
[EventDate "2011.09.16"]
[EventType "swiss"]
[EventRounds "5"]
[EventCountry "ITA"]
[SourceTitle "EXT 2015"]
[Source "ChessBase"]
[SourceDate "2014.11.20"]
[SourceVersion "1"]
[SourceVersionDate "2014.11.20"]
[SourceQuality "1"]

1. d4 d5 2. Nf3 c6 3. c4 Nf6 4. Nbd2 dxc4 5. Nxc4 c5 6. e3 cxd4 7. Nxd4 e5 8. Nb5 Qxd1+ 9. Kxd1 Ne4 10. Ke2 Na6 11. f3 Bd7 12. Nba3 Nd6 13. Nxe5 Be6 14. Kf2 f6 15. Nec4 Nxc4 16. Bxc4 Bxc4 17. Nxc4 b5 18. Na3 Bxa3 19. bxa3 Rc8 20. Bd2 Rc2 21. Ke2 Kf7 22. Rhc1 Rhc8 23. Kd1 R2c4 24. Rab1 Nc7 25. Rxc4 bxc4 26. Rc1 Nd5 27. e4 Nb6 28. Be3 Ke6 29. Bxb6 axb6 30. Rb1 Rc6 31. Rb5 Kd6 32. Kc2 Kc7 33. Kc3 Rd6 34. Rd5 Rc6 35. a4 Re6 36. a5 bxa5 37. Rxa5 Kb6 38. Rd5 Re7 39. a4 Rc7 40. Rd4 Rc5 41. Rd6+ Ka5 42. Rd5 Kb6 43. Rxc5 Kxc5 44. f4 1-0

[Event "Milan Palladino Memorial"]
[Site "Milan"]
[Date "2009.04.13"]
[Round "5"]
[White "Vocaturo, Riccardo"]
[Black "Fantina, Carla"]
[Result "1-0"]
[WhiteElo "1581"]
[BlackElo "1798"]
[PlyCount "43"]
[EventDate "2009.04.10"]
[EventType "swiss"]
[EventRounds "6"]
[EventCountry "ITA"]
[SourceTitle "EXT 2011"]
[Source "ChessBase"]
[SourceDate "2010.11.26"]
[SourceVersion "1"]
[SourceVersionDate "2010.11.26"]
[SourceQuality "1"]

1. e4 d6 2. d4 Nf6 3. Nc3 g6 4. Nf3 Bg7 5. Be2 0-0 6. 0-0 c6 7. Be3 h6 8. h3 Nbd7 9. Qd2 Kh7 10. g4 e5 11. g5 hxg5 12. Nxg5+ Kg8 13. Nf3 exd4 14. Nxd4 Nc5 15. f3 Bxh3 16. Rf2 Qc8 17. Bh6 Re8 18. Rh2 d5 19. Bxg7 Kxg7 20. Nf5+ Bxf5 21. Qh6+ Kg8 22. Qh8# 1-0